| 000 | 00636nam a2200229Ia 4500 | ||
|---|---|---|---|
| 001 | 9901 | ||
| 003 | GE_BSU | ||
| 008 | 181216s||||||||xx |||||||||||||| ||und|| | ||
| 040 | _cGE_BSU | ||
| 080 | _a821.353.1–32 | ||
| 100 | _aახვლედიანი,ვახტანგ | ||
| 245 | _aჩაფიქრება | ||
| 245 | _bმოთხრობები | ||
| 260 | _aბათუმი | ||
| 260 | _bსაბჭოთა აჭარა | ||
| 260 | _c1983 | ||
| 300 | _a120გვ.16სმ. | ||
| 541 | _h4ლ. | ||
| 653 | _aმოთხრობები | ||
| 653 | _aჩაფიქრება | ||
| 942 | _cBK | ||
| 999 |
_c43179 _d43179 |
||